000 00934nam a22002897a 4500
001 BR7700116
003 BR-BrBNA
005 20230928085134.0
007 ta
008 230509b bl.||||| |||| 00| 0 por d
040 _aBR-BrBNA
_bpor
_cBiblioteca Nacional de Agricultura
041 _a(Por)
072 _aL30
_b9310
_b2110
090 _ 9310 BR7700116
100 1 _aLlamosas Collado, A.
110 1 _aUniversidade Federal de Vicosa, MG (Brasil)
_0Tese (Magister Scientiae)
245 1 _aValor nutritivo da farinha de casca do fruto do cacaueiro [Nutricao animal; Theobroma cacao]
260 3 _aVicosa, MG (Brasil):
_c1976.
300 _a47 p.
500 _a14 tables; 27 ref.; Summary (Por). (*) Documento disponível na(o) Universidade Federal de Vicosa, MG (Brazil)
650 _aNutricao animal
650 _aCacau
650 _aFarinha
650 _aCasca
909 _a202309
_bLucia
_c55
_dLucia Elande
942 _cBK
999 _c22978
_d22978